00505nam a2200109Ia 4500008004100000050002300041100002400064245017800088260008600266300002800352521001500380140724s9999 xx 000 0 und d aBF 637b.M337 2013 aMarinas, Kay-Ann V. aAcademic performance and interpersonal relations of selected college students of Southville International School and Colleges with Dysfuntional Family /cKay-Ann V. Marinas. aLas Piñas, Philippines :bSouthville International School and Colleges,cc2013. a60 p. :bill. ;c28 cm. aPsychology